|
|
|
|
| LEADER |
00000nab a2200000 a 4500 |
| 001 |
vtls000430291 |
| 003 |
SK-MaSNL |
| 005 |
20260303202057.0 |
| 008 |
120925c1990 xo 0 slo |
| 015 |
|
|
|a SNBRA19rr/mm-uuuuu
|
| 035 |
|
|
|a CL0430419
|
| 040 |
|
|
|a SNKBUCL
|b slo
|c SNKBUCL
|e AACR2
|
| 041 |
0 |
|
|a slo
|
| 044 |
|
|
|a xo
|c SK
|
| 080 |
|
|
|a 629.4.052.6:629.424.1:62-222
|2 1981
|
| 080 |
|
|
|a 629.424.1
|2 1981
|
| 080 |
|
|
|a 62-222
|2 1981
|
| 100 |
1 |
|
|a Bartl, Ján,
|d 1940-
|4 aut
|9 7360
|
| 245 |
1 |
0 |
|a Prípravok pre vizuálne diagnostikovanie vložiek valcov motorov dieselových lokomotív
|c Ján Bartl, Oliver Huječek
|
| 300 |
|
|
|b Obr. 2. Res. slov.
|
| 650 |
0 |
7 |
|a naftové motory
|2 snkbucl
|9 69789
|
| 650 |
0 |
7 |
|a valce motorové
|2 snkbucl
|9 968488
|
| 650 |
0 |
7 |
|a vložky valcov motorových
|2 snkbucl
|9 1233474
|
| 650 |
0 |
7 |
|a optické systémy
|2 snkbucl
|9 50176
|
| 655 |
|
7 |
|a články zo zborníkov
|2 snkbucl
|9 166140
|
| 700 |
1 |
|
|a Huječek, Oliver
|4 aut
|9 998819
|
| 773 |
0 |
|
|t Meranie a meracia technika v strojárstve
|d Žilina : Dom techniky ČSVTS, 1990
|g S. 79-82
|
| 850 |
|
|
|a Slovenská národná knižnica v Martine
|a MTA001
|
| 852 |
|
|
|a SNK
|b KIS3GCP
|
| 958 |
|
|
|a RK
|
| 992 |
|
|
|a RZB
|
| 999 |
|
|
|c 2177621
|d 2179551
|